MARC

LEADER 00000nam0a2200000 4500
001 311460
005 20231102002404.0
020 |a RU  |b 82-23405 
035 |a (RuTPU)RU\TPU\book\336817 
090 |a 311460 
100 |a 20151208d1982 km y0rusy5003 ca 
101 0 |a rus 
102 |a RU 
105 |a a z 101zy 
200 1 |a Динамические модели физической геохимии  |e [материалы симпозиума]  |f Академия наук СССР (АН СССР), Сибирское отделение (СО), Институт географии и геофизики ; под ред. В. А. Кузнецова, В. Н. Шарапова 
210 |a Новосибирск  |c Наука  |d 1982 
215 |a 176 с.  |c ил. 
320 |a Библиография в конце статей 
606 1 |a Рудообразование эндогенное  |2 stltpush  |3 (RuTPU)RU\TPU\subj\26052  |9 50067 
606 1 |a Геохимические процессы  |2 stltpush  |3 (RuTPU)RU\TPU\subj\6294  |9 34217 
610 1 |a моделирование 
610 1 |a динамические модели 
610 1 |a кинетика 
610 1 |a расслоение 
610 1 |a силикатные расплавы 
610 1 |a диффузия 
610 1 |a кристаллизация 
610 1 |a мантийные дианиры 
610 1 |a трапповые интрузивы 
610 1 |a земная кора 
610 1 |a конвективное плавление 
610 1 |a симпозиумы 
610 1 |a Новосибирск 
675 |a 553.2.062(063)  |z rus  |v 3 
675 |a 550.4(063)  |z rus  |v 3 
702 1 |a Кузнецов  |b В. А.  |g Валерий Алексеевич  |4 340 
702 1 |a Шарапов  |b В. Н.  |g Виктор Николаевич  |4 340 
712 0 2 |a Академия наук СССР (АН СССР)  |b Сибирское отделение (СО)  |b Институт географии и геофизики  |2 stltpush  |3 (RuTPU)RU\TPU\col\14012 
712 1 2 |a Симпозиум по кинетике и динамике геохимических процессов,  |d 3  |e Новосибирск  |f 1978  |4 570 
801 0 |a RU  |b RuMRKP  |c 19950704  |g psbo 
801 1 |a RU  |b 63413507  |c 20151208 
801 2 |a RU  |b 63413507  |c 20180705  |g RCR 
942 |c BK